Score 0/18 Timer 02:00
4 Plays Today
Hint 4-Letter Word % Correct
Freezing; chillyCOLD
98.6%
Grab ontoHOLD
97.7%
American car makerFORD
97.7%
★ A black ____ warps spacetime ★HOLE
97%
Parachute partCORD
95.7%
SwiftFAST
94.3%
Italian automotive companyFIAT
94.3%
Role in a playPART
94%
★ ____ Earth Theory: Controversial theory about the planet's shape ★FLAT
93.4%
Hint 4-Letter Word % Correct
Ancient historyPAST
93%
Boxer's puncherFIST
92.2%
One with tinesFORK
90.9%
Nerdy typeDORK
90%
Hand thrown missileDART
89.8%
★ Theoretical matter and energy that makes up most of the universe ★DARK
88.6%
Strip of woodSLAT
85.6%
★ Varieties include neutron and brown dwarf ★STAR
83.2%
Baseball card tidbitSTAT
83.1%

Today's Daily Dose

Missing Word
Purple Things

Word Ladder
Bell-Bottoms

Get the Picture
The Beatles Albums

You're not logged in!

Compare scores with friends on all Sporcle quizzes.
OR
Log In

Sporcle TV

Today on Sporcle TV


Watch our educational content, quiz creation guides, and fun videos on Sporcle TV.

Show Comments

Extras

Top Quizzes Today


Score Distribution

Paid Content

Your Account Isn't Verified!

In order to create a playlist on Sporcle, you need to verify the email address you used during registration. Go to your Sporcle Settings to finish the process.

Report this User

Report this user for behavior that violates our Community Guidelines.

Details: